000 00344 a2200157 4500
001 62564
020 _a9781424029358
040 _cAnchieta - Pituba
100 _aDouglas, Nancy
240 1 0 _aReading explorer 3
_lIng
245 1 0 _aReading explorer 3
300 _a192
362 0 _a2010
650 4 _aInglês e inglês antigo
942 _cBK
999 _c62564
_d62564